[Event "Nordic Youth-ch A 2019"]
[Site "Borgarnes"]
[Date "2019.02.15"]
[Round "2.9"]
[White "Wartiovaara, Oliver"]
[Black "Vitenberg, Noam Aviv"]
[Result "1-0"]
[WhiteElo "2021"]
[BlackElo "2180"]
[Annotator "TA"]
[PlyCount "57"]
[EventDate "2019.02.03"]
[EventType "swiss"]
[EventCountry "ISL"]
[SourceTitle "playchess.com"]
[Source "ChessBase"]
[SourceQuality "1"]

{[%evp 13,57,0,0,0,78,-12,44,-38,21,12,21,28,35,27,33,0,28,36,37,30,43,39,33,26,88,77,86,86,265,266,568,560,542,563,539,471,787,775,1567,1497,29993,29994,29994,29995,29997,29991]} 1. e4 c6 2. Nf3 d5 3. exd5 cxd5 4. Ne5 Nc6 (4... Nf6 5. d4 g6 6. c3 Bg7 7. Bd3 O-O 8. O-O Nc6 9. Qe2 Nxe5 10. dxe5 Nd7 11. Bf4 Nc5 {1-0 (42) Duda,J (2731)-Moranda,W (2601) Poland 2018}) 5. Bb5 Qc7 6. d4 {B10: Caro-Kann: 2 d3 and 2 c4} e6 7. Bf4 Bd6 {LiveBook: 8 Games} 8. c4 {[%cal Bc2c4,Bc4c5][%mdl 32] The position is equal.} Bd7 $146 (8... Nge7 $11) ({Predecessor:} 8... Nge7 9. c5 Qa5+ 10. Nc3 Bb8 11. Qg4 O-O 12. Nxc6 bxc6 13. Bh6 Nf5 14. Bxg7 Nxg7 15. Bxc6 e5 {½-½ (15) Jahnz,F (2226)-Bruchmann,S (2271) Germany 2014}) 9. O-O (9. Bxc6 $1 $16 Bxc6 10. c5 Bxe5 11. Bxe5 Qa5+ 12. Nc3) 9... Nge7 (9... Nxe5 $11 10. dxe5 Bxb5) 10. Nc3 (10. Bxc6 $14 Nxc6 11. cxd5 Nxe5 12. dxe5 Bxe5 13. dxe6 Bxe6 14. Qa4+ Bd7 15. Qe4) 10... O-O ({Black should try} 10... dxc4 $1 $15 11. Re1 Nxe5 12. Bxe5 O-O) 11. Bxc6 $11 Bxc6 12. c5 Bxe5 $1 13. Bxe5 Qd7 14. Bd6 Rfe8 15. Bxe7 Rxe7 16. b4 a5 17. a3 $1 {[%cal Ba2a3,Ba3a4][%mdl 32]} Bb5 18. Re1 Bc4 {[#]} (18... axb4 $11 {keeps the balance.} 19. Nxb5 Qxb5) 19. Na4 $1 $36 {[%cal Ra4b6][%mdl 2048] Strongly threatening Nb6. White is really pushing.} Rd8 20. Nb6 Qb5 $2 {[#]} (20... Qc7 $16 {was called for.}) 21. a4 $1 $18 {[%cal Ra4b5]} Qxb4 $2 (21... Qc6 {is a better chance.} 22. b5 (22. bxa5 e5 $16) 22... Qc7) 22. Rb1 Qa3 23. Re3 Qa2 24. Qc1 e5 (24... Bd3 $142) 25. Ra1 exd4 26. Rxe7 Qb3 27. Qf4 {White mates.} Rf8 28. Nd7 Qc3 29. Rae1 {Precision: White = 63%, Black = 29%.} 1-0

[Event "Nordic Youth-ch A 2019"]
[Site "Borgarnes"]
[Date "2019.02.15"]
[Round "2.10"]
[White "Liu, Casper"]
[Black "Fuglestein, Sander"]
[Result "1/2-1/2"]
[WhiteElo "2126"]
[BlackElo "2024"]
[Annotator "NA RC"]
[PlyCount "71"]
[EventDate "2019.02.03"]
[EventType "swiss"]
[EventCountry "ISL"]
[SourceTitle "playchess.com"]
[Source "ChessBase"]
[SourceQuality "1"]
[TimeControl "40/5400+30:1800+30"]

1. d4 {[%emt 0:00:00]} d5 {[%emt 0:00:00]} 2. Bf4 {[%emt 0:00:00]} Nf6 {[%emt 0:00:00]} 3. e3 {[%emt 0:00:00]} e6 {[%emt 0:00:30]} 4. Nf3 {[%emt 0:00:01]} Bd6 {[%emt 0:00:21]} 5. Bg3 {[%emt 0:00:10]} O-O {[%emt 0:00:39]} 6. Bd3 {[%emt 0:00:08]} c5 {[%emt 0:00:22]} 7. c3 {[%emt 0:00:05]} b6 {[%emt 0:00:32]} 8. Nbd2 {[%emt 0:03:23]} Bb7 {[%emt 0:02:36]} 9. Ne5 {[%emt 0:00:55]} Nc6 {[%emt 0:00:25]} 10. O-O {[%emt 0:03:25]} Qc7 {[%emt 0:08:38]} 11. f4 {[%emt 0:01:12]} Ne7 {[%emt 0:01:10] D02: 1 d4 d5 2 Nf3 sidelines, including 2...Nf6 3 g3 and 2...Nf6 3 Bf4} 12. Qf3 {[%emt 0:05:24]} (12. Qb1 Qc8 13. Bh4 Nf5 14. Bxf5 exf5 15. Bxf6 gxf6 16. Nef3 Qe6 17. Re1 Ba6 18. Nh4 cxd4 19. exd4 {1-0 (28) Korobov,A (2692)-Dominguez Perez,L (2739) Doha 2016}) 12... Nf5 {[%emt 0:00:18]} 13. Be1 {[%emt 0:01:37]} Be7 {[%emt 0:02:02]} 14. g4 {[%emt 0:11:59]} Nd6 {[%emt 0:00:10]} 15. g5 {[%emt 0:00:05]} Nfe4 {[%emt 0:00:12]} 16. Qh5 $146 {[%emt 0:00:14]} ({Predecessor:} 16. Qh3 Qc8 17. Ndf3 Ba6 18. Bxa6 Qxa6 19. g6 hxg6 20. Nxg6 fxg6 21. Qxe6+ {1-0 (43) Papakonstantinou,G (1612)-Vasilakis,G (1730) Rio 2018}) 16... f6 {[%emt 0:19:20]} 17. g6 {[%emt 0:00:57]} h6 {[%emt 0:02:47]} 18. Ng4 {[%emt 0:00:27]} Nf5 {[%emt 0:05:16]} 19. Nxe4 {[%emt 0:05:40]} c4 {[%emt 0:06:03]} 20. Nexf6+ {[%emt 0:04:57]} Bxf6 {[%emt 0:00:31]} 21. Bxf5 {[%emt 0:00:08]} exf5 {[%emt 0:00:07]} 22. Qxf5 {[%emt 0:00:08]} Rae8 {[%emt 0:00:24]} 23. Qh5 {[%emt 0:01:37]} Bc8 {[%emt 0:03:40]} 24. Bf2 {[%emt 0:09:23]} (24. Qxd5+ $16 Be6 25. Qh5 (25. Nxf6+ Rxf6 26. Qh5 Qd7 $14)) 24... Qd7 {[%emt 0:02:16]} 25. h3 {[%emt 0:11:25]} Bd8 {[%emt 0:14:07]} 26. Ne5 {[%emt 0:07:08]} Qxh3 {[%emt 0:00:20]} 27. Qxh3 {[%emt 0:00:08]} Bxh3 {[%emt 0:00:04]} 28. Rfe1 {[%emt 0:00:22]} Bf5 {[%emt 0:04:50]} 29. b3 {[%emt 0:09:56]} b5 {[%emt 0:06:29]} 30. b4 {[%emt 0:02:23]} a5 {[%emt 0:05:38]} 31. a4 {[%emt 0:02:21]} axb4 {[%emt 0:00:28]} 32. cxb4 {[%emt 0:00:05]} bxa4 {[%emt 0:00:52]} 33. Rxa4 {[%emt 0:00:05]} Re6 {[%emt 0:01:43]} 34. b5 $17 {[%emt 0:02:34]} (34. Rea1 $11 {keeps the balance.}) 34... Rb6 {[%emt 0:04:34]} 35. e4 {[%emt 0:01:41]} Bxe4 {[%emt 0:01:58]} 36. Bg3 {[%emt 0:01:39]} 1/2-1/2

[Event "Nordic Youth-ch A 2019"]
[Site "Borgarnes"]
[Date "2019.02.15"]
[Round "2.11"]
[White "Davidsson, Oskar Vikingur"]
[Black "Aalto, Patrik"]
[Result "1/2-1/2"]
[WhiteElo "1941"]
[BlackElo "1985"]
[Annotator "NA RC"]
[PlyCount "136"]
[EventDate "2019.02.03"]
[EventType "swiss"]
[EventCountry "ISL"]
[SourceTitle "playchess.com"]
[Source "ChessBase"]
[SourceQuality "1"]
[TimeControl "40/5400+30:1800+30"]

1. e4 {[%emt 0:00:00]} e5 {[%emt 0:00:00]} 2. Nf3 {[%emt 0:00:00]} Nc6 {[%emt 0:00:00]} 3. Bb5 {[%emt 0:00:00]} g6 {[%emt 0:00:00]} 4. O-O {[%emt 0:00:09]} Bg7 {[%emt 0:00:08] LiveBook: 432 Games} 5. c3 {[%emt 0:01:21]} a6 {[%emt 0:00:33]} 6. Ba4 {[%emt 0:00:12]} d6 {[%emt 0:00:21]} 7. h3 {[%emt 0:03:49]} Nf6 {[%emt 0:02:14]} 8. Re1 {[%emt 0:00:27] C60: Ruy Lopez: Unusual Black 3rd moves and 3...g6} O-O {[%emt 0:03:48]} 9. d4 {[%emt 0:00:36]} Bd7 {[%emt 0:10:43]} 10. Bg5 {[%emt 0:07:22]} (10. Nbd2 h6 11. Nf1 Re8 12. Ng3 b5 13. Bc2 exd4 14. cxd4 Nb4 15. Bb1 c5 16. d5 a5 17. a3 Na6 18. Bf4 {1-0 (57) Ivanchuk,V (2726)-Mamedyarov,S (2799) Huaian 2017}) 10... h6 {[%emt 0:05:34]} 11. Bh4 {[%emt 0:01:06]} Qe8 {[%emt 0:03:46]} 12. dxe5 {[%emt 0:03:42]} dxe5 {[%emt 0:05:03]} 13. Nbd2 {[%emt 0:02:02]} Nh5 $146 {[%emt 0:01:54]} ({Predecessor:} 13... Rd8 14. Bb3 Na5 15. Qc2 Bb5 16. Re3 {1-0 (47) Klek,H (2363)-Kulon,K (2346) Germany 2018}) 14. Nf1 {[%emt 0:02:16]} Nf4 {[%emt 0:22:52]} (14... b5 $5 {[%cal Rb5a4]} 15. Bb3 a5 $11) 15. Ne3 {[%emt 0:03:51]} g5 {[%emt 0:05:11]} 16. Bg3 {[%emt 0:00:09]} Qc8 {[%emt 0:02:26]} 17. Nd5 {[%emt 0:07:38]} b5 {[%emt 0:02:39]} 18. Bb3 {[%emt 0:02:08]} Kh8 {[%emt 0:02:27]} 19. Rc1 {[%emt 0:09:12]} (19. Bc2 $16) 19... Rd8 {[%emt 0:11:02]} (19... Bxh3 $1 $11 {keeps the balance.} 20. gxh3 Qxh3) 20. Bxf4 {[%emt 0:05:15]} exf4 {[%emt 0:05:20] [#]} (20... gxf4 $16 {was called for.} 21. Ng5 Be8) 21. Nxg5 $1 {[%emt 0:04:11]} hxg5 $2 {[%emt 0:11:22]} (21... Be8 22. Qh5 f6 23. Nf7+ Bxf7 24. Qxf7 Ne5) 22. Qh5+ {[%emt 0:00:07] Double Attack} Kg8 {[%emt 0:00:07]} 23. Nf6+ {[%emt 0:01:03]} Bxf6 {[%emt 0:00:06]} 24. Qxf7+ {[%emt 0:00:07] Double Attack} Kh8 {[%emt 0:00:08]} 25. Qxf6+ {[%emt 0:00:10]} Kh7 {[%emt 0:00:02]} 26. Bf7 {[%emt 0:02:05]} (26. Bc2 $142 Rf8 27. e5+ Bf5 28. Qxc6 Bxc2 29. Rxc2) 26... Rg8 {[%emt 0:01:23]} 27. Bxg8+ {[%emt 0:00:26]} Qxg8 {[%emt 0:00:28] [#]} 28. h4 {[%emt 0:04:47]} (28. Rcd1 $1 $16 {[%cal Rd1d7]} Be6 29. Rd5) 28... Rf8 {[%emt 0:01:40]} 29. Qxg5 {[%emt 0:00:36]} Qxg5 {[%emt 0:00:34]} 30. hxg5 {[%emt 0:00:05]} Be6 {[%emt 0:00:56]} 31. f3 {[%emt 0:01:35]} Ne5 {[%emt 0:00:34]} 32. Ra1 {[%emt 0:01:52]} Nd3 {[%emt 0:01:18]} 33. Reb1 {[%emt 0:01:09]} c5 {[%emt 0:00:56]} (33... a5 $11) 34. b3 {[%emt 0:02:09]} c4 {[%emt 0:00:42]} 35. bxc4 {[%emt 0:00:23]} Bxc4 {[%emt 0:00:16]} 36. a4 {[%emt 0:00:22]} Rc8 {[%emt 0:00:42]} 37. axb5 {[%emt 0:01:32]} Bxb5 {[%emt 0:00:13]} 38. Ra3 {[%emt 0:00:28]} Kg6 {[%emt 0:00:42]} 39. Rd1 {[%emt 0:02:22]} Kxg5 {[%emt 0:00:47]} 40. c4 {[%emt 0:01:01]} Bxc4 {[%emt 0:00:12]} 41. Raxd3 {[%emt 0:30:50]} Bxd3 {[%emt 0:30:04]} 42. Rxd3 {[%emt 0:00:10]} Rc5 {[%emt 0:00:56]} 43. Rd8 {[%emt 0:08:03]} a5 {[%emt 0:00:26]} 44. Ra8 {[%emt 0:01:10]} Kf6 {[%emt 0:00:40]} 45. Rf8+ {[%emt 0:02:25]} Ke5 {[%emt 0:00:40]} 46. Rf5+ {[%emt 0:00:43]} Kd4 $1 {[%emt 0:00:30]} 47. Rxf4 {[%emt 0:00:15]} Kc3 {[%emt 0:00:33]} 48. Rf8 {[%emt 0:01:39]} a4 {[%emt 0:00:17]} 49. Ra8 {[%emt 0:00:24]} Kb4 {[%emt 0:00:15]} 50. g4 {[%emt 0:02:56]} Ra5 {[%emt 0:00:19]} 51. Rb8+ {[%emt 0:00:17]} Kc3 {[%emt 0:00:33]} 52. Rb1 {[%emt 0:00:57]} Kc2 {[%emt 0:01:05]} 53. Ra1 {[%emt 0:01:56]} Kb2 {[%emt 0:00:11]} 54. Re1 {[%emt 0:01:03]} Re5 {[%emt 0:00:50]} 55. f4 {[%emt 0:01:19]} Re8 {[%emt 0:00:02]} 56. e5 {[%emt 0:01:10]} a3 {[%emt 0:00:56]} 57. Kf2 {[%emt 0:01:45]} a2 {[%emt 0:00:25]} 58. Re2+ {[%emt 0:00:54]} Kb3 {[%emt 0:00:11]} 59. Rxa2 {[%emt 0:00:21]} Kxa2 {[%emt 0:00:13]} 60. Ke3 {[%emt 0:00:22]} Kb3 {[%emt 0:00:29] [#]} 61. Kd4 $1 {[%emt 0:01:20]} Rd8+ {[%emt 0:00:18] [#]} 62. Ke4 $2 {[%emt 0:00:19]} (62. Kc5 $1 $18 Rc8+ 63. Kd6 Rd8+ 64. Ke7) 62... Kc4 {[%emt 0:00:38]} 63. e6 {[%emt 0:00:39]} Rg8 {[%emt 0:00:49]} 64. g5 {[%emt 0:00:24]} Kc5 {[%emt 0:00:36]} 65. Ke5 {[%emt 0:01:51]} Kc6 {[%emt 0:00:29]} 66. Kf6 $11 {[%emt 0:04:36]} Rf8+ {[%emt 0:00:21]} 67. Ke5 {[%emt 0:00:10]} Rg8 {[%emt 0:00:30]} 68. Kf6 {[%emt 0:00:37]} Rf8+ {[%emt 0:00:09]} 1/2-1/2

[Event "Nordic Youth-ch A 2019"]
[Site "Borgarnes"]
[Date "2019.02.15"]
[Round "2.12"]
[White "Luu, Robert"]
[Black "Szczepanowski, Tomasz"]
[Result "1-0"]
[WhiteElo "1687"]
[BlackElo "1882"]
[Annotator "NA RC"]
[PlyCount "41"]
[EventDate "2019.02.03"]
[EventType "swiss"]
[EventCountry "ISL"]
[SourceTitle "playchess.com"]
[Source "ChessBase"]
[SourceQuality "1"]
[TimeControl "40/5400+30:1800+30"]

1. d4 Nf6 {[%emt 0:00:10]} 2. c4 {[%emt 0:00:00]} e5 {[%emt 0:00:25]} 3. dxe5 {[%emt 0:00:06]} Ng4 {[%emt 0:00:07]} 4. Nf3 {[%emt 0:00:24]} Nc6 {[%emt 0:00:29]} 5. Nc3 {[%emt 0:00:44]} Ngxe5 {[%emt 0:00:39]} 6. Nxe5 {[%emt 0:00:25]} Nxe5 {[%emt 0:00:10]} 7. e3 {[%emt 0:00:29]} Bc5 {[%emt 0:01:23]} 8. a3 {[%emt 0:00:40]} a5 {[%emt 0:00:55]} 9. b3 {[%emt 0:00:47]} d6 {[%emt 0:01:19]} 10. Bb2 {[%emt 0:00:44]} O-O {[%emt 0:00:31]} 11. Qc2 {[%emt 0:01:45]} Re8 {[%emt 0:01:38]} 12. O-O-O {[%emt 0:01:34]} Ng4 13. Kb1 {[%emt 0:02:00]} Qg5 {[%emt 0:01:41]} 14. Ka2 {[%emt 0:06:07]} Bf5 {[%emt 0:01:10]} 15. Qd2 {[%emt 0:02:20]} c6 {[%emt 0:02:17]} 16. g3 {[%emt 0:06:49]} Rad8 {[%emt 0:05:42]} 17. h3 {[%emt 0:02:39]} Nf6 {[%emt 0:00:39]} 18. Bd3 {[%emt 0:01:28]} d5 {[%emt 0:01:08]} 19. cxd5 {[%emt 0:03:22]} Nxd5 {[%emt 0:00:21]} 20. Qc2 {[%emt 0:02:35]} Be6 {[%emt 0:02:55]} 21. Ne4 {[%emt 0:01:17]} 1-0

[Event "Nordic Youth-ch A 2019"]
[Site "Borgarnes"]
[Date "2019.02.15"]
[Round "2.13"]
[White "Dale, Gunnar Brandshaug"]
[Black "Soderstrom, Adrian"]
[Result "0-1"]
[WhiteElo "1889"]
[BlackElo "2138"]
[Annotator "TA"]
[PlyCount "108"]
[EventDate "2019.02.03"]
[EventType "swiss"]
[EventCountry "ISL"]
[SourceTitle "playchess.com"]
[Source "ChessBase"]
[SourceQuality "1"]

{[%evp 13,108,0,23,-12,-7,-7,0,-18,-5,-27,46,-73,-70,-69,-71,-81,-87,-89,-87,-69,-70,-120,-123,-120,-128,-128,-110,-108,-112,-118,-72,-56,-41,-376,-54,-61,-78,-118,-122,-131,-140,-141,-92,-108,-57,-75,-76,-75,-70,-89,-86,-112,-110,-166,-160,-183,-150,-208,-183,-196,-183,-479,-479,-477,-472,-457,-435,-497,-490,-569,-567,-529,-519,-638,-589,-608,-597,-638,-631,-590,-590,-569,-567,-769,-758,-653,-580,-1241,-1189,-4718,-1808,-4133,-2927,-1916,-1600,-1236,-899]} 1. e4 c5 2. Nf3 d6 3. d4 cxd4 4. Nxd4 Nf6 5. Nc3 g6 6. Bg5 Bg7 7. Bb5+ Nbd7 8. Qe2 {B70: Sicilian Dragon: 6 g3 and 6 Be2 (without a later Be3)} (8. a4 a6 9. Bxd7+ Bxd7 10. a5 O-O 11. Bxf6 Bxf6 12. Nd5 Bg7 13. O-O Rc8 14. Nb6 Rc5 15. c3 Bc6 {0-1 (48) Warakomski,T (2537)-Fridman,D (2633) Katowice 2017}) 8... O-O 9. O-O-O a6 10. Bc4 {The position is equal.} Qc7 11. f4 h6 $146 (11... b5 $11 12. Bd5 Bb7) ({Predecessor:} 11... Nb6 12. Bb3 h6 13. h4 Bg4 14. Nf3 hxg5 15. hxg5 {1-0 (38) Brankovic,D (2359)-Smith,B (2456) Paracin 2013}) 12. Bh4 (12. Bxf6 $1 $14 {keeps the upper hand.} Nxf6 13. f5) 12... d5 $1 $36 {[%mdl 2048] Black has good play.} 13. Bxf6 Nxf6 14. Nxd5 Nxd5 15. exd5 Qxf4+ 16. Qd2 Qd6 17. Rhe1 Bg4 18. Be2 Bxe2 19. Nxe2 Rac8 20. Ng3 Rc7 {...Rfc8 is the strong threat.} 21. Ne4 Qb6 {[%csl Gg7][%cal Rb6b2]} 22. c3 Rfc8 {White must now prevent ...f5.} 23. Qf2 $2 {[%mdl 8192] [#]} (23. Qe3 $15 Qa5 24. Kb1) 23... Qa5 $2 (23... Rxc3+ $1 $19 {[%mdl 512]} 24. Kb1 (24. bxc3 Rxc3+) 24... Bd4 $1 {[%mdl 512]} 25. Rxd4 Rc2 $1 {[%mdl 576] Deflection} 26. Qxc2 Rxc2 27. Kxc2 Qxd4) 24. Kb1 $15 f5 25. Nd2 Qxd5 26. Nb3 Qf7 27. Qb6 Kh7 28. Re6 Bf6 (28... f4 $17 29. Nd4 Rd7) 29. g3 Qe8 30. Nd4 Rd7 31. Rde1 Qd8 32. Qxd8 Rcxd8 33. h4 {[#]} (33. Rb6 $17) 33... h5 $1 $19 34. Kc2 Kg7 35. R1e3 (35. a4 $17) 35... Kf7 ({Don't play} 35... Bxd4 36. cxd4 Kf7 37. a4 $17) 36. b4 Rc8 37. Kb2 $2 (37. Ne2) 37... Rxd4 {Black is clearly winning.} 38. Rxf6+ Kxf6 39. cxd4 {[%mdl 4096] Endgame KR-KR} Rc4 40. d5 {Now Re6+ and White clings on.} Rxb4+ 41. Kc3 Re4 42. Rd3 Ke5 43. a3 f4 44. gxf4+ Rxf4 45. Re3+ Re4 46. Rg3 Rg4 47. Re3+ Kxd5 48. Rxe7 Rxh4 49. Rxb7 Rc4+ 50. Kb3 Rc6 51. a4 Ke4 (51... Ke5 $142 52. Rh7 Kf5) 52. a5 g5 53. Rb6 Kd5 {( -> ...Rxb6+)} 54. Rb8 Rg6 {Accuracy: White = 21%, Black = 68%.} 0-1

[Event "Nordic Youth-ch A 2019"]
[Site "Borgarnes"]
[Date "2019.02.15"]
[Round "2.14"]
[White "Falkevall, Axel"]
[Black "Briem, Benedikt"]
[Result "1-0"]
[WhiteElo "2070"]
[BlackElo "1868"]
[Annotator "NA RC"]
[PlyCount "45"]
[EventDate "2019.02.03"]
[EventType "swiss"]
[EventCountry "ISL"]
[SourceTitle "playchess.com"]
[Source "ChessBase"]
[SourceQuality "1"]
[TimeControl "40/5400+30:1800+30"]

1. e4 {[%emt 0:00:00]} e6 {[%emt 0:00:00]} 2. d4 {[%emt 0:00:00]} d5 {[%emt 0:00:00]} 3. Nd2 {[%emt 0:00:05]} c5 {[%emt 0:00:23]} 4. exd5 {[%emt 0:00:24]} Qxd5 {[%emt 0:00:14]} 5. Ngf3 {[%emt 0:00:10]} Nf6 {[%emt 0:00:22]} 6. Bc4 {[%emt 0:00:22]} Qd8 {[%emt 0:00:23]} 7. O-O {[%emt 0:00:55]} cxd4 {[%emt 0:01:47]} 8. Nb3 {[%emt 0:00:50] C07: French Tarrasch: 3...c5, 4 Ngf3 and 4 exd5 Qxd5} Be7 {[%emt 0:00:53]} (8... Nc6 9. Qe2 Bd6 10. Rd1 O-O 11. Nbxd4 Nxd4 12. Rxd4 Qc7 13. Bg5 e5 14. Rh4 Bf5 15. Bxf6 gxf6 16. Bd3 Bg6 17. Rc4 Qd7 18. Rd1 {½-½ (34) Rublevsky,S (2681)-Alekseev,E (2632) Khanty-Mansiysk 2016}) 9. Nbxd4 {[%emt 0:01:48]} O-O {[%emt 0:00:46]} 10. Qe2 {[%emt 0:04:58]} a6 {[%emt 0:02:40]} 11. Bf4 {[%emt 0:06:24]} b5 {[%emt 0:10:12]} 12. Bb3 {[%emt 0:00:33]} Bb7 $146 {[%emt 0:00:32]} ({Predecessor:} 12... Qb6 13. Rfd1 Bc5 {½-½ (44) Shahaliyev,I (2206)-Sibashvili,G (2364) Batumi 2014}) 13. Rad1 {[%emt 0:06:13]} Qb6 {[%emt 0:06:38]} 14. Rfe1 {[%emt 0:05:24]} Nd5 $2 {[%emt 0:05:11]} (14... Nc6 $11 {and Black has nothing to worry.}) 15. Bg3 {[%emt 0:02:11]} Bf6 16. Ne5 {[%emt 0:10:58]} Rd8 {[%emt 0:13:07] [#]} 17. Nxf7 $1 {[%emt 0:07:25]} Kxf7 18. Qh5+ Kg8 {[%emt 0:26:06]} 19. Rxe6 {[%emt 0:06:33]} Nc6 {[%emt 0:06:27]} 20. Bxd5 {[%emt 0:00:57]} g6 {[%emt 0:05:49]} 21. Rxc6+ {[%emt 0:03:56]} Rxd5 {[%emt 0:00:56]} 22. Qxd5+ {[%emt 0:00:14]} Kh8 {[%emt 0:01:21]} 23. Rxb6 {[%emt 0:00:14]} 1-0

[Event "Nordic Youth-ch A 2019"]
[Site "Borgarnes"]
[Date "2019.02.15"]
[Round "2.15"]
[White "Apol, Luitjen Akselsson"]
[Black "Shehzad, Shazil"]
[Result "1-0"]
[WhiteElo "1854"]
[BlackElo "1959"]
[Annotator "NA RC"]
[PlyCount "123"]
[EventDate "2019.02.03"]
[EventType "swiss"]
[EventCountry "ISL"]
[SourceTitle "playchess.com"]
[Source "ChessBase"]
[SourceQuality "1"]
[TimeControl "40/5400+30:1800+30"]

1. e4 {[%emt 0:00:00]} c5 {[%emt 0:00:00]} 2. Nf3 {[%emt 0:00:33]} e6 {[%emt 0:00:00]} 3. d4 {[%emt 0:00:46]} cxd4 {[%emt 0:00:00]} 4. Nxd4 {[%emt 0:00:17]} a6 {[%emt 0:00:00]} 5. Nc3 {[%emt 0:00:38]} b5 {[%emt 0:00:01]} 6. Be3 {[%emt 0:00:24]} Bb7 {[%emt 0:00:27]} 7. Bd3 {[%emt 0:00:47] B43: Sicilian: Kan Variation: 5 Nc3} (7. Nb3 Qc7 8. Qd4 Nf6 9. f3 d5 10. exd5 Nxd5 11. Nxd5 {½-½ (11) Plat,V (2566)-Stocek,J (2568) Ostrava 2018}) 7... Qc7 {[%emt 0:01:20]} 8. O-O {[%emt 0:01:33]} Nf6 {[%emt 0:00:26]} 9. Qe2 {[%emt 0:04:03]} d6 {[%emt 0:05:12]} 10. f4 {[%emt 0:01:03]} Nbd7 {[%emt 0:01:13]} 11. Rae1 {[%emt 0:06:07]} Nc5 $146 {[%emt 0:01:27]} ({Predecessor:} 11... b4 12. Na4 Nxe4 13. f5 e5 14. f6 Nexf6 15. Nf5 g6 16. Nh6 {0-1 (34) Zivkovic,D-Vulicevic,D (2150) Belgrade 2003}) 12. Bf2 {[%emt 0:21:54]} b4 {[%emt 0:03:11]} 13. e5 {[%emt 0:03:49]} bxc3 {[%emt 0:03:07]} 14. exf6 {[%emt 0:00:06]} gxf6 {[%emt 0:00:27]} 15. bxc3 {[%emt 0:03:58]} h5 {[%emt 0:04:41]} 16. Bh4 {[%emt 0:06:47]} Be7 {[%emt 0:09:12]} 17. Bf5 {[%emt 0:06:45]} O-O-O {[%emt 0:08:01]} 18. Rf2 {[%emt 0:08:55]} Rd7 {[%emt 0:04:22]} 19. Bd3 {[%emt 0:07:15]} d5 {[%emt 0:06:04]} ({Better is} 19... Bd8 $17) 20. Rb1 {[%emt 0:06:08]} (20. Rf3 $11 {remains equal.}) 20... Rd6 {[%emt 0:06:02]} (20... Ne4 $15 21. Bxe4 dxe4) 21. Rff1 {[%emt 0:02:32]} Rb6 {[%emt 0:03:30]} 22. Bf2 {[%emt 0:06:28]} Rxb1 {[%emt 0:01:28]} 23. Rxb1 {[%emt 0:00:05]} h4 {[%emt 0:08:39]} 24. Qg4 {[%emt 0:03:19]} Nxd3 {[%emt 0:02:45]} 25. cxd3 {[%emt 0:00:05]} Rf8 {[%emt 0:12:55]} (25... h3 $14) 26. Bxh4 {[%emt 0:02:14]} f5 {[%emt 0:08:25]} 27. Qg7 {[%emt 0:00:05]} Bd6 {[%emt 0:01:10]} 28. Bf6 {[%emt 0:01:02]} Re8 {[%emt 0:02:00]} 29. g3 {[%emt 0:03:28]} Bf8 {[%emt 0:03:31]} 30. Qh7 {[%emt 0:00:51]} Bd6 {[%emt 0:00:56]} 31. Nf3 {[%emt 0:01:58]} d4 {[%emt 0:00:48]} 32. Nxd4 {[%emt 0:00:06]} Bc5 {[%emt 0:00:18]} 33. Kf1 {[%emt 0:01:47]} Qd7 {[%emt 0:01:50]} 34. Qh3 {[%emt 0:00:37]} Qd5 {[%emt 0:00:13]} 35. Rb2 {[%emt 0:00:29]} Qh1+ {[%emt 0:00:40]} 36. Ke2 {[%emt 0:00:25]} Bg2 {[%emt 0:01:15]} 37. Qh5 {[%emt 0:00:23]} Bf1+ {[%emt 0:01:51]} 38. Ke3 {[%emt 0:00:42]} Qg1+ {[%emt 0:00:38]} 39. Rf2 {[%emt 0:00:07]} Ba3 {[%emt 0:00:44]} 40. Qd1 {[%emt 0:00:16]} e5 {[%emt 0:00:35]} 41. fxe5 {[%emt 0:30:31]} f4+ {[%emt 0:30:08]} 42. gxf4 {[%emt 0:00:05]} Qg6 {[%emt 0:00:43]} 43. Rxf1 {[%emt 0:01:11]} Qxf6 {[%emt 0:00:33]} 44. Qg4+ {[%emt 0:00:04]} Kc7 {[%emt 0:00:15]} 45. Rb1 {[%emt 0:00:45]} Qh6 {[%emt 0:00:53]} 46. Qg2 {[%emt 0:00:55]} Rxe5+ {[%emt 0:00:12]} 47. Kd2 {[%emt 0:00:25]} Qxf4+ {[%emt 0:00:18]} 48. Kc2 {[%emt 0:00:11]} Rc5 {[%emt 0:00:41]} 49. Qb7+ {[%emt 0:00:32]} Kd8 {[%emt 0:00:19]} 50. Nc6+ {[%emt 0:00:35]} (50. Qxa6 $142 Qxh2+ 51. Kb3 {[%mdl 64] Trapped Piece}) 50... Rxc6 {[%emt 0:00:07]} 51. Qxc6 {[%emt 0:00:06]} Qxh2+ $18 {[%emt 0:00:46]} 52. Kb3 {[%emt 0:00:35]} Qb8+ {[%emt 0:00:05]} 53. Kxa3 {[%emt 0:00:05]} Qxb1 {[%emt 0:00:03]} 54. Qd6+ {[%emt 0:00:48]} Ke8 {[%emt 0:00:11]} 55. Qxa6 {[%emt 0:00:05]} Kf8 {[%emt 0:00:24]} 56. Qc8+ {[%emt 0:00:22]} Kg7 {[%emt 0:00:05]} 57. Qg4+ {[%emt 0:00:10]} Kf8 {[%emt 0:00:05]} 58. Qb4+ {[%emt 0:01:01]} Qxb4+ 59. Kxb4 {[%emt 0:00:12]} f5 {[%emt 0:01:34]} 60. Kc5 {[%emt 0:00:11]} Ke7 {[%emt 0:00:07]} 61. Kd4 {[%emt 0:00:05]} Ke6 {[%emt 0:00:04]} 62. a3 1-0

[Event "Nordic Youth-ch A 2019"]
[Site "Borgarnes"]
[Date "2019.02.15"]
[Round "2.16"]
[White "Iskos, Lukas"]
[Black "Gudmundsson, Gunnar Erik"]
[Result "0-1"]
[WhiteElo "1678"]
[BlackElo "1693"]
[Annotator "NA RC"]
[PlyCount "38"]
[EventDate "2019.02.03"]
[EventType "swiss"]
[EventCountry "ISL"]
[SourceTitle "playchess.com"]
[Source "ChessBase"]
[SourceQuality "1"]
[TimeControl "40/5400+30:1800+30"]

1. e4 {[%emt 0:00:00]} c5 {[%emt 0:00:00]} 2. Nf3 {[%emt 0:01:04]} Nc6 {[%emt 0:01:21]} 3. d4 {[%emt 0:01:13]} cxd4 {[%emt 0:00:09]} 4. Nxd4 {[%emt 0:00:53]} e6 {[%emt 0:00:21]} 5. Nc3 {[%emt 0:01:18]} a6 {[%emt 0:01:25]} 6. Bc4 {[%emt 0:03:35]} Qc7 {[%emt 0:00:38]} 7. Be3 {[%emt 0:05:09]} Nf6 {[%emt 0:02:25]} 8. f3 {[%emt 0:05:05]} Bb4 {[%emt 0:02:06]} 9. Qd2 {[%emt 0:02:48]} O-O {[%emt 0:04:30]} 10. O-O-O {[%emt 0:10:23]} Ne7 {[%emt 0:05:40]} 11. Bd3 {[%emt 0:05:27]} e5 {[%emt 0:05:45]} 12. Nde2 {[%emt 0:02:55]} d5 {[%emt 0:01:59]} 13. exd5 {[%emt 0:04:11]} Nexd5 {[%emt 0:03:31]} 14. h4 {[%emt 0:04:32]} Nxc3 {[%emt 0:10:49]} 15. Nxc3 {[%emt 0:00:58]} Be6 {[%emt 0:03:07]} 16. Bg5 {[%emt 0:09:57]} Nd5 {[%emt 0:05:03]} 17. Bxh7+ {[%emt 0:04:15]} Kh8 {[%emt 0:00:17]} 18. Be4 {[%emt 0:04:57]} Nxc3 {[%emt 0:02:59]} 19. bxc3 {[%emt 0:01:21]} Ba3+ {[%emt 0:00:36]} 0-1